000 01140cam a22002895a 4500
001 L140270
008 070913s2007 xxkadbof 000 0 eng d
020 _a0860176444
035 _a(Sirsi) u140270
041 0 _aeng
050 0 4 _a696.1 $2 18
100 1 _aNewton, John
245 0 0 _aBuilding Greener
_bguidance on the use of green roofs, green walls and complementary features on buildings
260 _aLondon
_bCIRIA
_c2007
300 _axvi, 197p.
_bcol. ill.
_c30cm.
350 _a45
490 0 _aCIRIA
_v(C644)
505 2 _aIntroduction and background -- Green roofs -- Green walls -- Nestboxes and other complementary features -- Appendices
520 _aProvides guidance on the design, construction and operation of green roofs and walls. Describes how quick wins for biodiversity can be achieved in the built environment by incorporating nesting and roosting boxes for birds, bats and other animals.
590 _aKA
651 4 _aEngland and Wales
_y1543-
690 _aBUILT ENVIRONMENT-SUSTAINABLE CONSTRUCTION
700 1 _aGedge, Dusty
700 1 _aEarly, Paul
700 1 _aWilson, Steve
942 _n0
999 _c107464
_d107464